Central Library OPAC University of Rajshahi

Report of the Interregional seminar on the training of professional and voluntary youth leaders : (Record no. 49538)

MARC details
000 -LEADER
fixed length control field 01149nam a2200265 a 4500
001 - CONTROL NUMBER
control field 49538
003 - CONTROL NUMBER IDENTIFIER
rucl marc code BD-RjUL
005 - DATE AND TIME OF LATEST TRANSACTION
control field 20211209054707.0
008 - FIXED-LENGTH DATA ELEMENTS--GENERAL INFORMATION
fixed length control field 160821s1970 nyu 000 0 eng d
035 ## - SYSTEM CONTROL NUMBER
System control number (BD-RjUL)49657
040 ## - CATALOGING SOURCE
Original cataloging agency NLGGC
Description conventions fobidrtb
Language of cataloging dut
Transcribing agency NLGGC
Modifying agency BD-RjUL
041 ## - LANGUAGE CODE
Language code of text/sound track or separate title eng
082 ## - DEWEY DECIMAL CLASSIFICATION NUMBER
Edition number 23
Classification number 362.707152
Author mark and year REP 1970
245 00 - TITLE STATEMENT
Title Report of the Interregional seminar on the training of professional and voluntary youth leaders :
Statement of responsibility, etc. organized jointly by the United Nations, the United Nations Educational, Scientific and Cultural Organization and the Government of Denmark /
260 ## - PUBLICATION, DISTRIBUTION, ETC. (IMPRINT)
Place of publication, distribution, etc. New York :
Name of publisher, distributor, etc. United Nations,
Date of publication, distribution, etc. 1970.
300 ## - PHYSICAL DESCRIPTION
Pagination iv, 127 p. ;
Size 28 cm.
490 1# - SERIES STATEMENT
Series statement United Nations publication: Sales no. E.70.II.H.4
504 ## - BIBLIOGRAPHY, ETC. NOTE
Bibliography, etc Met lit. opg.
650 ## - SUBJECT ADDED ENTRY--TOPICAL TERM
Topical term or geographic name as entry element Social work with youth
General subdivision Study and teaching
9 (RLIN) 148604
Topical term or geographic name as entry element Social work with youth
9 (RLIN) 146920
700 1# - ADDED ENTRY--PERSONAL NAME
Personal name Woods, Dorothea E.
711 2# - ADDED ENTRY--MEETING NAME
Meeting name or jurisdiction name as entry element Interregional seminar on the training of professional and voluntary leaders
Date of meeting (06-10-1969 :
Location of meeting Holte, Denmark)
9 (RLIN) 148606
830 #0 - SERIES ADDED ENTRY--UNIFORM TITLE
Uniform title United Nations publication: Sales no. E.70.II.H.4.
942 ## - ADDED ENTRY ELEMENTS (KOHA)
Source of classification or shelving scheme Dewey Decimal Classification
Koha item type Books
Holdings
Lost status Source of classification or shelving scheme Damaged status Not for loan Collection code Permanent Location Current Location Shelving location Date acquired Source of acquisition Cost, normal purchase price Total Checkouts Full call number Date last seen Copy number Koha item type
  Dewey Decimal Classification     Non-fiction Central Library, University of Rajshahi Central Library, University of Rajshahi   25/09/1974 Gono prakshani dhaka 32.00   362.707152 REP 1970 21/08/2016 C-2 Books
  Dewey Decimal Classification     Non-fiction Central Library, University of Rajshahi Central Library, University of Rajshahi   25/09/1974 Gono prakshani dhaka 32.00   362.707152 REP 1970 21/08/2016 C-3 Books
  Dewey Decimal Classification     Non-fiction Central Library, University of Rajshahi Central Library, University of Rajshahi   25/09/1974 Gono prakshani dhaka 32.00   362.707152 REP 1970 21/08/2016 C-4 Books
  Dewey Decimal Classification     Non-fiction Central Library, University of Rajshahi Central Library, University of Rajshahi   25/09/1974 Gono prakshani dhaka 32.00   362.707152 REP 1970 21/08/2016 C-5 Books
  Dewey Decimal Classification     Non-fiction Central Library, University of Rajshahi Central Library, University of Rajshahi   25/09/1974 Gono prakshani dhaka 32.00   362.707152 REP 1970 21/08/2016 C-6 Books
  Dewey Decimal Classification     Non-fiction Central Library, University of Rajshahi Central Library, University of Rajshahi   25/09/1974 Gono prakshani dhaka 32.00   362.707152 REP 1970 21/08/2016 C-7 Books
  Dewey Decimal Classification     Non-fiction Central Library, University of Rajshahi Central Library, University of Rajshahi   25/09/1974 Gono prakshani dhaka 32.00   362.707152 REP 1970 21/08/2016 C-8 Books